The foreign contribution (regulation) act, 2010 (42 of 2010) with the foreign contribution (regulation) act, 1976 (49 of 1976) repealed by act 42 of 2010 along with short notes (Record no. 57583)

MARC details
000 -LEADER
fixed length control field 00903nam a22002057a 4500
005 - DATE AND TIME OF LATEST TRANSACTION
control field 20111013103837.0
008 - FIXED-LENGTH DATA ELEMENTS--GENERAL INFORMATION
fixed length control field 111013t xxu||||| |||| 00| 0 eng d
010 ## - LCCN (DPL NO)
LC control number ENG-103964
020 ## - INTERNATIONAL STANDARD BOOK NUMBER
Terms of availability 65.00
035 ## - SYSTEM CONTROL NUMBER
System control number EN-87497
037 ## - SOURCE OF ACQUISITION
Source of stock number/acquisition DBAD/PUB
040 ## - CATALOGING SOURCE
Original cataloging agency DPL
Language of cataloging Eng
082 ## - DEWEY DECIMAL CLASSIFICATION NUMBER
Classification number 343.0748
245 ## - TITLE STATEMENT
Title The foreign contribution (regulation) act, 2010 (42 of 2010) with the foreign contribution (regulation) act, 1976 (49 of 1976) repealed by act 42 of 2010 along with short notes
Medium eng
260 ## - PUBLICATION, DISTRIBUTION, ETC. (IMPRINT)
Place of publication, distribution, etc Delhi
Name of publisher, distributor, etc Universal Law Publishing
Date of publication, distribution, etc 2011
270 ## - ADDRESS
Address C-FF-1A, Dilkhush Industrial Estate, (Opp. Hans Cinema, Azadpur) G.T. Karnal Road,
City Delhi
Postal code 110033
300 ## - PHYSICAL DESCRIPTION
Extent iv,63,6p.
Dimensions 24cm (pbk)
942 ## - ADDED ENTRY ELEMENTS (KOHA)
Source of classification or shelving scheme Dewey Decimal Classification
Item type English Books
Classification part 343.0748
Call number suffix FOR
Holdings
Withdrawn status Lost status Source of classification or shelving scheme Damaged status Not for loan Collection code Home library Current library Date acquired Source of acquisition Cost, normal purchase price Total Checkouts Full call number Barcode Date last seen Copy number Cost, replacement price Koha item type
    Dewey Decimal Classification   Not For Loan Non-fiction D.B.Act.Division D.B.Act.Division 13/10/2011 DBAD/PUB 65.00   343.0748 FOR EN-87497 13/10/2011 1 65.00 English Books

© Delhi Public Library
Hit Counter
free hit counter